| 000 | 00590nam a22001937a 4500 | ||
|---|---|---|---|
| 999 |
_c16240 _d16240 |
||
| 003 | AR-CdUCM | ||
| 008 | 190502b ||||| |||| 00| 0 spa d | ||
| 040 |
_aMUNICIPALIDAD PROVINCIAL DEL CUSCO _cBIBLIOTECA MUNICIPAL DEL CUSCO |
||
| 082 |
_aEP / 808.83 / _bAN61 |
||
| 245 | _aAnimales veraneantes / | ||
| 260 |
_aPerĂº : _bNavarrete. |
||
| 300 |
_bilustraciones, _c32 cm. |
||
| 650 |
_aCuentos infantiles _93927 |
||
| 650 |
_aTextos infantiles _933764 |
||
| 650 |
_aLiteratura infantil _9588 |
||
| 710 |
_aEditorial Navarrete. _918381 |
||
| 942 |
_2ddc _cLIBROS |
||
| 945 |
_aachl _d2019-05-02 |
||